Library Banner

Khatoon e khana/ (Record no. 102898)

MARC details
000 -LEADER
fixed length control field 00337nam a22001337a 4500
005 - DATE AND TIME OF LATEST TRANSACTION
control field 20180208153037.0
008 - FIXED-LENGTH DATA ELEMENTS--GENERAL INFORMATION
fixed length control field 180208b xxu||||| |||| 00| 0 eng d
040 ## - CATALOGING SOURCE
Transcribing agency PK-LaUMT
082 ## - DEWEY DECIMAL CLASSIFICATION NUMBER
Classification number PKAC 297.082
Item number KHA-
245 ## - TITLE STATEMENT
Title Khatoon e khana/
260 ## - PUBLICATION, DISTRIBUTION, ETC. (IMPRINT)
Place of publication, distribution, etc یوپی:
Name of publisher, distributor, etc مکبتہ ذکری رامپور
Date of publication, distribution, etc 1979
300 ## - PHYSICAL DESCRIPTION
Extent 127
942 ## - ADDED ENTRY ELEMENTS (KOHA)
Koha item type Books
Holdings
Withdrawn status Lost status Damaged status Home library Current library Date acquired Full call number Barcode Date last seen Price effective from Koha item type
      UMT Main Campus UMT Main Campus 2018-02-08 PKAC 297.082 KHA- 118980 2018-02-08 2018-02-08 Books